<?xml version="1.0" encoding="UTF-8"?>
<record
    xmlns:xsi="http://www.w3.org/2001/XMLSchema-instance"
    xsi:schemaLocation="http://www.loc.gov/MARC21/slim http://www.loc.gov/standards/marcxml/schema/MARC21slim.xsd"
    xmlns="http://www.loc.gov/MARC21/slim">

  <leader>00868nas a2200241 454500</leader>
  <controlfield tag="001">30096</controlfield>
  <controlfield tag="005">20260407193508.0</controlfield>
  <controlfield tag="008">260407s1992####ag###########|||spa#d</controlfield>
  <controlfield tag="003">AR-UNSa-BCEJYS</controlfield>
  <datafield tag="040" ind1=" " ind2=" ">
    <subfield code="a">AR-UNSa-BCEJYS</subfield>
    <subfield code="b">spa</subfield>
    <subfield code="c">AR-UNSa-BCEJYS</subfield>
  </datafield>
  <datafield tag="080" ind1=" " ind2=" ">
    <subfield code="a">330</subfield>
    <subfield code="x">Econom&#xED;a en general</subfield>
  </datafield>
  <datafield tag="245" ind1="1" ind2="0">
    <subfield code="a">Temas econ&#xF3;micos</subfield>
  </datafield>
  <datafield tag="264" ind1=" " ind2="1">
    <subfield code="a">R&#xED;o Cuarto :</subfield>
    <subfield code="b">Universidad Nacional de R&#xED;o Cuarto</subfield>
    <subfield code="c">1992</subfield>
  </datafield>
  <datafield tag="310" ind1=" " ind2=" ">
    <subfield code="a">Frecuencia: Mensual
Cambia de Director a partir del A&#xF1;o 17, N&#xBA; 176 por Roberto Tafani</subfield>
  </datafield>
  <datafield tag="041" ind1=" " ind2=" ">
    <subfield code="a">spa</subfield>
  </datafield>
  <datafield tag="942" ind1=" " ind2=" ">
    <subfield code="c">SER</subfield>
  </datafield>
  <datafield tag="590" ind1=" " ind2=" ">
    <subfield code="a">niveau_biblio:s niveau_hierar:1</subfield>
  </datafield>
  <datafield tag="100" ind1="1" ind2=" ">
    <subfield code="a">Universidad Nacional de R&#xED;o Cuarto. Facultad de Ciencias Econ&#xF3;micas</subfield>
  </datafield>
  <datafield tag="700" ind1="1" ind2=" ">
    <subfield code="a">Marchesini, Carlos A.</subfield>
  </datafield>
  <datafield tag="650" ind1=" " ind2=" ">
    <subfield code="a">ECONOMIA</subfield>
  </datafield>
  <datafield tag="650" ind1=" " ind2=" ">
    <subfield code="a">CORDOBA</subfield>
  </datafield>
  <datafield tag="856" ind1="4" ind2="1">
    <subfield code="u">https://biblioeco.unsa.edu.ar/pmb/images/revistas/Temas Economicos-r14587.jpg</subfield>
    <subfield code="y">Imagen de portada</subfield>
    <subfield code="q">image/jpeg</subfield>
  </datafield>
  <datafield tag="999" ind1=" " ind2=" ">
    <subfield code="c">8691</subfield>
    <subfield code="d">8691</subfield>
  </datafield>
  <datafield tag="952" ind1=" " ind2=" ">
    <subfield code="0">0</subfield>
    <subfield code="1">0</subfield>
    <subfield code="4">0</subfield>
    <subfield code="7">0</subfield>
    <subfield code="a">BCEJYS</subfield>
    <subfield code="b">BCEJYS</subfield>
    <subfield code="c">17</subfield>
    <subfield code="d">2014-04-06</subfield>
    <subfield code="h">A&#xF1;o 23, N&#xBA; 213 - abr. 2014</subfield>
    <subfield code="l">0</subfield>
    <subfield code="o">H330 TEM 213</subfield>
    <subfield code="p">R14640</subfield>
    <subfield code="r">2026-04-10 16:08:55</subfield>
    <subfield code="w">2026-04-10</subfield>
    <subfield code="y">RN</subfield>
  </datafield>
  <datafield tag="952" ind1=" " ind2=" ">
    <subfield code="0">0</subfield>
    <subfield code="1">0</subfield>
    <subfield code="4">0</subfield>
    <subfield code="7">0</subfield>
    <subfield code="a">BCEJYS</subfield>
    <subfield code="b">BCEJYS</subfield>
    <subfield code="c">17</subfield>
    <subfield code="d">2013-10-06</subfield>
    <subfield code="h">A&#xF1;o 22, N&#xBA; 211 - oct. 2013</subfield>
    <subfield code="l">0</subfield>
    <subfield code="o">H330 TEM 211</subfield>
    <subfield code="p">R19812</subfield>
    <subfield code="r">2026-04-10 16:08:55</subfield>
    <subfield code="w">2026-04-10</subfield>
    <subfield code="y">RN</subfield>
  </datafield>
  <datafield tag="952" ind1=" " ind2=" ">
    <subfield code="0">0</subfield>
    <subfield code="1">0</subfield>
    <subfield code="4">0</subfield>
    <subfield code="7">0</subfield>
    <subfield code="a">BCEJYS</subfield>
    <subfield code="b">BCEJYS</subfield>
    <subfield code="c">17</subfield>
    <subfield code="d">2013-08-04</subfield>
    <subfield code="h">A&#xF1;o 22, N&#xBA; 210 - ago. 2013</subfield>
    <subfield code="l">0</subfield>
    <subfield code="o">H330 TEM 210</subfield>
    <subfield code="p">R19874</subfield>
    <subfield code="r">2026-04-10 16:08:55</subfield>
    <subfield code="w">2026-04-10</subfield>
    <subfield code="y">RN</subfield>
  </datafield>
  <datafield tag="952" ind1=" " ind2=" ">
    <subfield code="0">0</subfield>
    <subfield code="1">0</subfield>
    <subfield code="4">0</subfield>
    <subfield code="7">0</subfield>
    <subfield code="a">BCEJYS</subfield>
    <subfield code="b">BCEJYS</subfield>
    <subfield code="c">17</subfield>
    <subfield code="d">2012-12-02</subfield>
    <subfield code="h">A&#xF1;o 21, N&#xBA; 208 - dic. 2012</subfield>
    <subfield code="l">0</subfield>
    <subfield code="o">H330 TEM 208</subfield>
    <subfield code="p">R19811</subfield>
    <subfield code="r">2026-04-10 16:08:55</subfield>
    <subfield code="w">2026-04-10</subfield>
    <subfield code="y">RN</subfield>
  </datafield>
  <datafield tag="952" ind1=" " ind2=" ">
    <subfield code="0">0</subfield>
    <subfield code="1">0</subfield>
    <subfield code="4">0</subfield>
    <subfield code="7">0</subfield>
    <subfield code="a">BCEJYS</subfield>
    <subfield code="b">BCEJYS</subfield>
    <subfield code="c">17</subfield>
    <subfield code="d">2012-06-01</subfield>
    <subfield code="h">A&#xF1;o 21, N&#xBA; 205 - jun. 2012</subfield>
    <subfield code="l">0</subfield>
    <subfield code="o">H330 TEM 205</subfield>
    <subfield code="p">R14639</subfield>
    <subfield code="r">2026-04-10 16:08:55</subfield>
    <subfield code="w">2026-04-10</subfield>
    <subfield code="y">RN</subfield>
  </datafield>
  <datafield tag="952" ind1=" " ind2=" ">
    <subfield code="0">0</subfield>
    <subfield code="1">0</subfield>
    <subfield code="4">0</subfield>
    <subfield code="7">0</subfield>
    <subfield code="a">BCEJYS</subfield>
    <subfield code="b">BCEJYS</subfield>
    <subfield code="c">17</subfield>
    <subfield code="d">2011-09-01</subfield>
    <subfield code="h">A&#xF1;o 20, N&#xBA; 202 - sep. 2011</subfield>
    <subfield code="l">0</subfield>
    <subfield code="o">H330 TEM 202</subfield>
    <subfield code="p">R19810</subfield>
    <subfield code="r">2026-04-10 16:08:55</subfield>
    <subfield code="w">2026-04-10</subfield>
    <subfield code="y">RN</subfield>
  </datafield>
  <datafield tag="952" ind1=" " ind2=" ">
    <subfield code="0">0</subfield>
    <subfield code="1">0</subfield>
    <subfield code="4">0</subfield>
    <subfield code="7">0</subfield>
    <subfield code="a">BCEJYS</subfield>
    <subfield code="b">BCEJYS</subfield>
    <subfield code="c">17</subfield>
    <subfield code="d">2011-07-01</subfield>
    <subfield code="h">A&#xF1;o 20, N&#xBA; 201 - jul. 2011</subfield>
    <subfield code="l">0</subfield>
    <subfield code="o">H330 TEM 201</subfield>
    <subfield code="p">R14638</subfield>
    <subfield code="r">2026-04-10 16:08:55</subfield>
    <subfield code="w">2026-04-10</subfield>
    <subfield code="y">RN</subfield>
  </datafield>
  <datafield tag="952" ind1=" " ind2=" ">
    <subfield code="0">0</subfield>
    <subfield code="1">0</subfield>
    <subfield code="4">0</subfield>
    <subfield code="7">0</subfield>
    <subfield code="a">BCEJYS</subfield>
    <subfield code="b">BCEJYS</subfield>
    <subfield code="c">17</subfield>
    <subfield code="d">2010-12-01</subfield>
    <subfield code="h">A&#xF1;o 19, N&#xBA; 200 - dic. 2010</subfield>
    <subfield code="l">0</subfield>
    <subfield code="o">H330 TEM 200</subfield>
    <subfield code="p">R19809</subfield>
    <subfield code="r">2026-04-10 16:08:55</subfield>
    <subfield code="w">2026-04-10</subfield>
    <subfield code="y">RN</subfield>
  </datafield>
  <datafield tag="952" ind1=" " ind2=" ">
    <subfield code="0">0</subfield>
    <subfield code="1">0</subfield>
    <subfield code="4">0</subfield>
    <subfield code="7">0</subfield>
    <subfield code="a">BCEJYS</subfield>
    <subfield code="b">BCEJYS</subfield>
    <subfield code="c">17</subfield>
    <subfield code="d">2010-09-01</subfield>
    <subfield code="h">A&#xF1;o 19, N&#xBA; 199 - sep. 2010</subfield>
    <subfield code="l">0</subfield>
    <subfield code="o">H330 TEM 199</subfield>
    <subfield code="p">R14637</subfield>
    <subfield code="r">2026-04-10 16:08:55</subfield>
    <subfield code="w">2026-04-10</subfield>
    <subfield code="y">RN</subfield>
  </datafield>
  <datafield tag="952" ind1=" " ind2=" ">
    <subfield code="0">0</subfield>
    <subfield code="1">0</subfield>
    <subfield code="4">0</subfield>
    <subfield code="7">0</subfield>
    <subfield code="a">BCEJYS</subfield>
    <subfield code="b">BCEJYS</subfield>
    <subfield code="c">17</subfield>
    <subfield code="d">2010-08-01</subfield>
    <subfield code="h">A&#xF1;o 19, N&#xBA; 198 - ago. 2010</subfield>
    <subfield code="l">0</subfield>
    <subfield code="o">H330 TEM 198</subfield>
    <subfield code="p">R19808</subfield>
    <subfield code="r">2026-04-10 16:08:55</subfield>
    <subfield code="w">2026-04-10</subfield>
    <subfield code="y">RN</subfield>
  </datafield>
  <datafield tag="952" ind1=" " ind2=" ">
    <subfield code="0">0</subfield>
    <subfield code="1">0</subfield>
    <subfield code="4">0</subfield>
    <subfield code="7">0</subfield>
    <subfield code="a">BCEJYS</subfield>
    <subfield code="b">BCEJYS</subfield>
    <subfield code="c">17</subfield>
    <subfield code="d">2010-07-01</subfield>
    <subfield code="h">A&#xF1;o 19, N&#xBA; 197 - jul. 2010</subfield>
    <subfield code="l">0</subfield>
    <subfield code="o">H330 TEM 197</subfield>
    <subfield code="p">R19807</subfield>
    <subfield code="r">2026-04-10 16:08:55</subfield>
    <subfield code="w">2026-04-10</subfield>
    <subfield code="y">RN</subfield>
  </datafield>
  <datafield tag="952" ind1=" " ind2=" ">
    <subfield code="0">0</subfield>
    <subfield code="1">0</subfield>
    <subfield code="4">0</subfield>
    <subfield code="7">0</subfield>
    <subfield code="a">BCEJYS</subfield>
    <subfield code="b">BCEJYS</subfield>
    <subfield code="c">17</subfield>
    <subfield code="d">2010-05-01</subfield>
    <subfield code="h">A&#xF1;o 19, N&#xBA; 195 - mayo 2010</subfield>
    <subfield code="l">0</subfield>
    <subfield code="o">H330 TEM 195</subfield>
    <subfield code="p">R19806</subfield>
    <subfield code="r">2026-04-10 16:08:55</subfield>
    <subfield code="w">2026-04-10</subfield>
    <subfield code="y">RN</subfield>
  </datafield>
  <datafield tag="952" ind1=" " ind2=" ">
    <subfield code="0">0</subfield>
    <subfield code="1">0</subfield>
    <subfield code="4">0</subfield>
    <subfield code="7">0</subfield>
    <subfield code="a">BCEJYS</subfield>
    <subfield code="b">BCEJYS</subfield>
    <subfield code="c">17</subfield>
    <subfield code="d">2010-04-01</subfield>
    <subfield code="h">A&#xF1;o 19, N&#xBA; 194 - abr. 2010</subfield>
    <subfield code="l">0</subfield>
    <subfield code="o">H330 TEM 194</subfield>
    <subfield code="p">R19805</subfield>
    <subfield code="r">2026-04-10 16:08:55</subfield>
    <subfield code="w">2026-04-10</subfield>
    <subfield code="y">RN</subfield>
  </datafield>
  <datafield tag="952" ind1=" " ind2=" ">
    <subfield code="0">0</subfield>
    <subfield code="1">0</subfield>
    <subfield code="4">0</subfield>
    <subfield code="7">0</subfield>
    <subfield code="a">BCEJYS</subfield>
    <subfield code="b">BCEJYS</subfield>
    <subfield code="c">17</subfield>
    <subfield code="d">2010-03-01</subfield>
    <subfield code="h">A&#xF1;o 19, N&#xBA; 193 - mar. 2010</subfield>
    <subfield code="l">0</subfield>
    <subfield code="o">H330 TEM 193</subfield>
    <subfield code="p">R14636</subfield>
    <subfield code="r">2026-04-10 16:08:55</subfield>
    <subfield code="w">2026-04-10</subfield>
    <subfield code="y">RN</subfield>
  </datafield>
  <datafield tag="952" ind1=" " ind2=" ">
    <subfield code="0">0</subfield>
    <subfield code="1">0</subfield>
    <subfield code="4">0</subfield>
    <subfield code="7">0</subfield>
    <subfield code="a">BCEJYS</subfield>
    <subfield code="b">BCEJYS</subfield>
    <subfield code="c">17</subfield>
    <subfield code="d">2009-12-01</subfield>
    <subfield code="h">A&#xF1;o 18, N&#xBA; 192 - dic. 2009</subfield>
    <subfield code="l">0</subfield>
    <subfield code="o">H330 TEM 192</subfield>
    <subfield code="p">R14635</subfield>
    <subfield code="r">2026-04-10 16:08:55</subfield>
    <subfield code="w">2026-04-10</subfield>
    <subfield code="y">RN</subfield>
  </datafield>
  <datafield tag="952" ind1=" " ind2=" ">
    <subfield code="0">0</subfield>
    <subfield code="1">0</subfield>
    <subfield code="4">0</subfield>
    <subfield code="7">0</subfield>
    <subfield code="a">BCEJYS</subfield>
    <subfield code="b">BCEJYS</subfield>
    <subfield code="c">17</subfield>
    <subfield code="d">2009-07-01</subfield>
    <subfield code="h">A&#xF1;o 18, N&#xBA; 187 - jul. 2009</subfield>
    <subfield code="l">0</subfield>
    <subfield code="o">H330 TEM 187</subfield>
    <subfield code="p">R14634</subfield>
    <subfield code="r">2026-04-10 16:08:55</subfield>
    <subfield code="w">2026-04-10</subfield>
    <subfield code="y">RN</subfield>
  </datafield>
  <datafield tag="952" ind1=" " ind2=" ">
    <subfield code="0">0</subfield>
    <subfield code="1">0</subfield>
    <subfield code="4">0</subfield>
    <subfield code="7">0</subfield>
    <subfield code="a">BCEJYS</subfield>
    <subfield code="b">BCEJYS</subfield>
    <subfield code="c">17</subfield>
    <subfield code="d">2009-05-01</subfield>
    <subfield code="h">A&#xF1;o 18, N&#xBA; 185 - mayo 2009</subfield>
    <subfield code="l">0</subfield>
    <subfield code="o">H330 TEM 185</subfield>
    <subfield code="p">R14633</subfield>
    <subfield code="r">2026-04-10 16:08:55</subfield>
    <subfield code="w">2026-04-10</subfield>
    <subfield code="y">RN</subfield>
  </datafield>
  <datafield tag="952" ind1=" " ind2=" ">
    <subfield code="0">0</subfield>
    <subfield code="1">0</subfield>
    <subfield code="4">0</subfield>
    <subfield code="7">0</subfield>
    <subfield code="a">BCEJYS</subfield>
    <subfield code="b">BCEJYS</subfield>
    <subfield code="c">17</subfield>
    <subfield code="d">2008-09-07</subfield>
    <subfield code="h">A&#xF1;o 17, N&#xBA; 178 - sep. 2008</subfield>
    <subfield code="l">0</subfield>
    <subfield code="o">H330 TEM 179</subfield>
    <subfield code="p">R14632</subfield>
    <subfield code="r">2026-04-10 16:08:55</subfield>
    <subfield code="w">2026-04-10</subfield>
    <subfield code="y">RN</subfield>
  </datafield>
  <datafield tag="952" ind1=" " ind2=" ">
    <subfield code="0">0</subfield>
    <subfield code="1">0</subfield>
    <subfield code="4">0</subfield>
    <subfield code="7">0</subfield>
    <subfield code="a">BCEJYS</subfield>
    <subfield code="b">BCEJYS</subfield>
    <subfield code="c">17</subfield>
    <subfield code="d">2008-07-06</subfield>
    <subfield code="h">A&#xF1;o 17, N&#xBA; 177 - jul. 2008</subfield>
    <subfield code="l">0</subfield>
    <subfield code="o">H330 TEM 177</subfield>
    <subfield code="p">R14631</subfield>
    <subfield code="r">2026-04-10 16:08:55</subfield>
    <subfield code="w">2026-04-10</subfield>
    <subfield code="y">RN</subfield>
  </datafield>
  <datafield tag="952" ind1=" " ind2=" ">
    <subfield code="0">0</subfield>
    <subfield code="1">0</subfield>
    <subfield code="4">0</subfield>
    <subfield code="7">0</subfield>
    <subfield code="a">BCEJYS</subfield>
    <subfield code="b">BCEJYS</subfield>
    <subfield code="c">17</subfield>
    <subfield code="d">2008-06-01</subfield>
    <subfield code="h">A&#xF1;o 17, N&#xBA; 176 - jun. 2008</subfield>
    <subfield code="l">0</subfield>
    <subfield code="o">H330 TEM 176</subfield>
    <subfield code="p">R14630</subfield>
    <subfield code="r">2026-04-10 16:08:55</subfield>
    <subfield code="w">2026-04-10</subfield>
    <subfield code="y">RN</subfield>
  </datafield>
  <datafield tag="952" ind1=" " ind2=" ">
    <subfield code="0">0</subfield>
    <subfield code="1">0</subfield>
    <subfield code="4">0</subfield>
    <subfield code="7">0</subfield>
    <subfield code="a">BCEJYS</subfield>
    <subfield code="b">BCEJYS</subfield>
    <subfield code="c">17</subfield>
    <subfield code="d">2008-03-16</subfield>
    <subfield code="h">A&#xF1;o 17, N&#xBA; 174 - mar. 2008</subfield>
    <subfield code="l">0</subfield>
    <subfield code="o">H330 TEM 174</subfield>
    <subfield code="p">R14629</subfield>
    <subfield code="r">2026-04-10 16:08:55</subfield>
    <subfield code="w">2026-04-10</subfield>
    <subfield code="y">RN</subfield>
  </datafield>
  <datafield tag="952" ind1=" " ind2=" ">
    <subfield code="0">0</subfield>
    <subfield code="1">0</subfield>
    <subfield code="4">0</subfield>
    <subfield code="7">0</subfield>
    <subfield code="a">BCEJYS</subfield>
    <subfield code="b">BCEJYS</subfield>
    <subfield code="c">17</subfield>
    <subfield code="d">2007-03-04</subfield>
    <subfield code="h">A&#xF1;o 16, N&#xBA; 165 - mar. 2007</subfield>
    <subfield code="l">0</subfield>
    <subfield code="o">H330 TEM 165</subfield>
    <subfield code="p">R14628</subfield>
    <subfield code="r">2026-04-10 16:08:55</subfield>
    <subfield code="w">2026-04-10</subfield>
    <subfield code="y">RN</subfield>
  </datafield>
  <datafield tag="952" ind1=" " ind2=" ">
    <subfield code="0">0</subfield>
    <subfield code="1">0</subfield>
    <subfield code="4">0</subfield>
    <subfield code="7">0</subfield>
    <subfield code="a">BCEJYS</subfield>
    <subfield code="b">BCEJYS</subfield>
    <subfield code="c">17</subfield>
    <subfield code="d">2006-12-03</subfield>
    <subfield code="h">A&#xF1;o 15, N&#xBA; 164 - dic. 2006</subfield>
    <subfield code="l">0</subfield>
    <subfield code="o">H330 TEM 164</subfield>
    <subfield code="p">R14627</subfield>
    <subfield code="r">2026-04-10 16:08:55</subfield>
    <subfield code="w">2026-04-10</subfield>
    <subfield code="y">RN</subfield>
  </datafield>
  <datafield tag="952" ind1=" " ind2=" ">
    <subfield code="0">0</subfield>
    <subfield code="1">0</subfield>
    <subfield code="4">0</subfield>
    <subfield code="7">0</subfield>
    <subfield code="a">BCEJYS</subfield>
    <subfield code="b">BCEJYS</subfield>
    <subfield code="c">17</subfield>
    <subfield code="d">2006-11-05</subfield>
    <subfield code="h">A&#xF1;o 15, N&#xBA; 163 - nov. 2006</subfield>
    <subfield code="l">0</subfield>
    <subfield code="o">H330 TEM 163</subfield>
    <subfield code="p">R14626</subfield>
    <subfield code="r">2026-04-10 16:08:55</subfield>
    <subfield code="w">2026-04-10</subfield>
    <subfield code="y">RN</subfield>
  </datafield>
  <datafield tag="952" ind1=" " ind2=" ">
    <subfield code="0">0</subfield>
    <subfield code="1">0</subfield>
    <subfield code="4">0</subfield>
    <subfield code="7">0</subfield>
    <subfield code="a">BCEJYS</subfield>
    <subfield code="b">BCEJYS</subfield>
    <subfield code="c">17</subfield>
    <subfield code="d">2006-09-03</subfield>
    <subfield code="h">A&#xF1;o 15, N&#xBA; 161 - sep. 2006</subfield>
    <subfield code="l">0</subfield>
    <subfield code="o">H330 TEM 161</subfield>
    <subfield code="p">R14625</subfield>
    <subfield code="r">2026-04-10 16:08:55</subfield>
    <subfield code="w">2026-04-10</subfield>
    <subfield code="y">RN</subfield>
  </datafield>
  <datafield tag="952" ind1=" " ind2=" ">
    <subfield code="0">0</subfield>
    <subfield code="1">0</subfield>
    <subfield code="4">0</subfield>
    <subfield code="7">0</subfield>
    <subfield code="a">BCEJYS</subfield>
    <subfield code="b">BCEJYS</subfield>
    <subfield code="c">17</subfield>
    <subfield code="d">2006-03-05</subfield>
    <subfield code="h">A&#xF1;o 15, N&#xBA; 155 - mar. 2006</subfield>
    <subfield code="l">0</subfield>
    <subfield code="o">H330 TEM 155</subfield>
    <subfield code="p">R14624</subfield>
    <subfield code="r">2026-04-10 16:08:55</subfield>
    <subfield code="w">2026-04-10</subfield>
    <subfield code="y">RN</subfield>
  </datafield>
  <datafield tag="952" ind1=" " ind2=" ">
    <subfield code="0">0</subfield>
    <subfield code="1">0</subfield>
    <subfield code="4">0</subfield>
    <subfield code="7">0</subfield>
    <subfield code="a">BCEJYS</subfield>
    <subfield code="b">BCEJYS</subfield>
    <subfield code="c">17</subfield>
    <subfield code="d">2005-12-04</subfield>
    <subfield code="h">A&#xF1;o 14, N&#xBA; 154 - dic. 2005</subfield>
    <subfield code="l">0</subfield>
    <subfield code="o">H330 TEM 154</subfield>
    <subfield code="p">R14623</subfield>
    <subfield code="r">2026-04-10 16:08:55</subfield>
    <subfield code="w">2026-04-10</subfield>
    <subfield code="y">RN</subfield>
  </datafield>
  <datafield tag="952" ind1=" " ind2=" ">
    <subfield code="0">0</subfield>
    <subfield code="1">0</subfield>
    <subfield code="4">0</subfield>
    <subfield code="7">0</subfield>
    <subfield code="a">BCEJYS</subfield>
    <subfield code="b">BCEJYS</subfield>
    <subfield code="c">17</subfield>
    <subfield code="d">2005-10-02</subfield>
    <subfield code="h">A&#xF1;o 14, N&#xBA; 152 - oct. 2005</subfield>
    <subfield code="l">0</subfield>
    <subfield code="o">H330 TEM 152</subfield>
    <subfield code="p">R14622</subfield>
    <subfield code="r">2026-04-10 16:08:55</subfield>
    <subfield code="w">2026-04-10</subfield>
    <subfield code="y">RN</subfield>
  </datafield>
  <datafield tag="952" ind1=" " ind2=" ">
    <subfield code="0">0</subfield>
    <subfield code="1">0</subfield>
    <subfield code="4">0</subfield>
    <subfield code="7">0</subfield>
    <subfield code="a">BCEJYS</subfield>
    <subfield code="b">BCEJYS</subfield>
    <subfield code="c">17</subfield>
    <subfield code="d">2005-09-04</subfield>
    <subfield code="h">A&#xF1;o 14, N&#xBA; 151 - sep. 2005</subfield>
    <subfield code="l">0</subfield>
    <subfield code="o">H330 TEM 151</subfield>
    <subfield code="p">R14621</subfield>
    <subfield code="r">2026-04-10 16:08:55</subfield>
    <subfield code="w">2026-04-10</subfield>
    <subfield code="y">RN</subfield>
  </datafield>
  <datafield tag="952" ind1=" " ind2=" ">
    <subfield code="0">0</subfield>
    <subfield code="1">0</subfield>
    <subfield code="4">0</subfield>
    <subfield code="7">0</subfield>
    <subfield code="a">BCEJYS</subfield>
    <subfield code="b">BCEJYS</subfield>
    <subfield code="c">17</subfield>
    <subfield code="d">2005-08-07</subfield>
    <subfield code="h">A&#xF1;o 14, N&#xBA; 150 - ago. 2005</subfield>
    <subfield code="l">0</subfield>
    <subfield code="o">H330 TEM 150</subfield>
    <subfield code="p">R14620</subfield>
    <subfield code="r">2026-04-10 16:08:55</subfield>
    <subfield code="w">2026-04-10</subfield>
    <subfield code="y">RN</subfield>
  </datafield>
  <datafield tag="952" ind1=" " ind2=" ">
    <subfield code="0">0</subfield>
    <subfield code="1">0</subfield>
    <subfield code="4">0</subfield>
    <subfield code="7">0</subfield>
    <subfield code="a">BCEJYS</subfield>
    <subfield code="b">BCEJYS</subfield>
    <subfield code="c">17</subfield>
    <subfield code="d">2005-07-03</subfield>
    <subfield code="h">A&#xF1;o 14, N&#xBA; 149 - jul. 2005</subfield>
    <subfield code="l">0</subfield>
    <subfield code="o">H330 TEM 149</subfield>
    <subfield code="p">R14619</subfield>
    <subfield code="r">2026-04-10 16:08:55</subfield>
    <subfield code="w">2026-04-10</subfield>
    <subfield code="y">RN</subfield>
  </datafield>
  <datafield tag="952" ind1=" " ind2=" ">
    <subfield code="0">0</subfield>
    <subfield code="1">0</subfield>
    <subfield code="4">0</subfield>
    <subfield code="7">0</subfield>
    <subfield code="a">BCEJYS</subfield>
    <subfield code="b">BCEJYS</subfield>
    <subfield code="c">17</subfield>
    <subfield code="d">2005-06-05</subfield>
    <subfield code="h">A&#xF1;o 14, N&#xBA; 148 - jun. 2005</subfield>
    <subfield code="l">0</subfield>
    <subfield code="o">H330 TEM 148</subfield>
    <subfield code="p">R14618</subfield>
    <subfield code="r">2026-04-10 16:08:55</subfield>
    <subfield code="w">2026-04-10</subfield>
    <subfield code="y">RN</subfield>
  </datafield>
  <datafield tag="952" ind1=" " ind2=" ">
    <subfield code="0">0</subfield>
    <subfield code="1">0</subfield>
    <subfield code="4">0</subfield>
    <subfield code="7">0</subfield>
    <subfield code="a">BCEJYS</subfield>
    <subfield code="b">BCEJYS</subfield>
    <subfield code="c">17</subfield>
    <subfield code="d">2005-04-03</subfield>
    <subfield code="h">A&#xF1;o 14, N&#xBA; 146 - abr. 2005</subfield>
    <subfield code="l">0</subfield>
    <subfield code="o">H330 TEM 146</subfield>
    <subfield code="p">R14617</subfield>
    <subfield code="r">2026-04-10 16:08:55</subfield>
    <subfield code="w">2026-04-10</subfield>
    <subfield code="y">RN</subfield>
  </datafield>
  <datafield tag="952" ind1=" " ind2=" ">
    <subfield code="0">0</subfield>
    <subfield code="1">0</subfield>
    <subfield code="4">0</subfield>
    <subfield code="7">0</subfield>
    <subfield code="a">BCEJYS</subfield>
    <subfield code="b">BCEJYS</subfield>
    <subfield code="c">17</subfield>
    <subfield code="d">2005-03-06</subfield>
    <subfield code="h">A&#xF1;o 14, N&#xBA; 145 - mar. 2005</subfield>
    <subfield code="l">0</subfield>
    <subfield code="o">H330 TEM 145</subfield>
    <subfield code="p">R14616</subfield>
    <subfield code="r">2026-04-10 16:08:55</subfield>
    <subfield code="w">2026-04-10</subfield>
    <subfield code="y">RN</subfield>
  </datafield>
  <datafield tag="952" ind1=" " ind2=" ">
    <subfield code="0">0</subfield>
    <subfield code="1">0</subfield>
    <subfield code="4">0</subfield>
    <subfield code="7">0</subfield>
    <subfield code="a">BCEJYS</subfield>
    <subfield code="b">BCEJYS</subfield>
    <subfield code="c">17</subfield>
    <subfield code="d">2004-12-05</subfield>
    <subfield code="h">A&#xF1;o 13, N&#xBA; 144 - dic. 2004</subfield>
    <subfield code="l">0</subfield>
    <subfield code="o">H330 TEM 144</subfield>
    <subfield code="p">R14615</subfield>
    <subfield code="r">2026-04-10 16:08:55</subfield>
    <subfield code="w">2026-04-10</subfield>
    <subfield code="y">RN</subfield>
  </datafield>
  <datafield tag="952" ind1=" " ind2=" ">
    <subfield code="0">0</subfield>
    <subfield code="1">0</subfield>
    <subfield code="4">0</subfield>
    <subfield code="7">0</subfield>
    <subfield code="a">BCEJYS</subfield>
    <subfield code="b">BCEJYS</subfield>
    <subfield code="c">17</subfield>
    <subfield code="d">2004-11-07</subfield>
    <subfield code="h">A&#xF1;o 13, N&#xBA; 143 - nov. 2004</subfield>
    <subfield code="l">0</subfield>
    <subfield code="o">H330 TEM 143</subfield>
    <subfield code="p">R14614</subfield>
    <subfield code="r">2026-04-10 16:08:55</subfield>
    <subfield code="w">2026-04-10</subfield>
    <subfield code="y">RN</subfield>
  </datafield>
  <datafield tag="952" ind1=" " ind2=" ">
    <subfield code="0">0</subfield>
    <subfield code="1">0</subfield>
    <subfield code="4">0</subfield>
    <subfield code="7">0</subfield>
    <subfield code="a">BCEJYS</subfield>
    <subfield code="b">BCEJYS</subfield>
    <subfield code="c">17</subfield>
    <subfield code="d">2004-10-03</subfield>
    <subfield code="h">A&#xF1;o 13, N&#xBA; 142 - oct. 2004</subfield>
    <subfield code="l">0</subfield>
    <subfield code="o">H330 TEM 142</subfield>
    <subfield code="p">R14613</subfield>
    <subfield code="r">2026-04-10 16:08:55</subfield>
    <subfield code="w">2026-04-10</subfield>
    <subfield code="y">RN</subfield>
  </datafield>
  <datafield tag="952" ind1=" " ind2=" ">
    <subfield code="0">0</subfield>
    <subfield code="1">0</subfield>
    <subfield code="4">0</subfield>
    <subfield code="7">0</subfield>
    <subfield code="a">BCEJYS</subfield>
    <subfield code="b">BCEJYS</subfield>
    <subfield code="c">17</subfield>
    <subfield code="d">2004-09-05</subfield>
    <subfield code="h">A&#xF1;o 13, N&#xBA; 141 - sep. 2004</subfield>
    <subfield code="l">0</subfield>
    <subfield code="o">H330 TEM 141</subfield>
    <subfield code="p">R14612</subfield>
    <subfield code="r">2026-04-10 16:08:55</subfield>
    <subfield code="w">2026-04-10</subfield>
    <subfield code="y">RN</subfield>
  </datafield>
  <datafield tag="952" ind1=" " ind2=" ">
    <subfield code="0">0</subfield>
    <subfield code="1">0</subfield>
    <subfield code="4">0</subfield>
    <subfield code="7">0</subfield>
    <subfield code="a">BCEJYS</subfield>
    <subfield code="b">BCEJYS</subfield>
    <subfield code="c">17</subfield>
    <subfield code="d">2004-08-08</subfield>
    <subfield code="h">A&#xF1;o 13, N&#xBA; 140 - ago. 2004</subfield>
    <subfield code="l">0</subfield>
    <subfield code="o">H330 TEM 140</subfield>
    <subfield code="p">R14611</subfield>
    <subfield code="r">2026-04-10 16:08:55</subfield>
    <subfield code="w">2026-04-10</subfield>
    <subfield code="y">RN</subfield>
  </datafield>
  <datafield tag="952" ind1=" " ind2=" ">
    <subfield code="0">0</subfield>
    <subfield code="1">0</subfield>
    <subfield code="4">0</subfield>
    <subfield code="7">0</subfield>
    <subfield code="a">BCEJYS</subfield>
    <subfield code="b">BCEJYS</subfield>
    <subfield code="c">17</subfield>
    <subfield code="d">2004-07-11</subfield>
    <subfield code="h">A&#xF1;o 13, N&#xBA; 139 - jul. 2004</subfield>
    <subfield code="l">0</subfield>
    <subfield code="o">H330 TEM 139</subfield>
    <subfield code="p">R14610</subfield>
    <subfield code="r">2026-04-10 16:08:55</subfield>
    <subfield code="w">2026-04-10</subfield>
    <subfield code="y">RN</subfield>
  </datafield>
  <datafield tag="952" ind1=" " ind2=" ">
    <subfield code="0">0</subfield>
    <subfield code="1">0</subfield>
    <subfield code="4">0</subfield>
    <subfield code="7">0</subfield>
    <subfield code="a">BCEJYS</subfield>
    <subfield code="b">BCEJYS</subfield>
    <subfield code="c">17</subfield>
    <subfield code="d">2004-06-06</subfield>
    <subfield code="h">A&#xF1;o 13, N&#xBA; 138 - jun. 2004</subfield>
    <subfield code="l">0</subfield>
    <subfield code="o">H330 TEM 138</subfield>
    <subfield code="p">R14609</subfield>
    <subfield code="r">2026-04-10 16:08:55</subfield>
    <subfield code="w">2026-04-10</subfield>
    <subfield code="y">RN</subfield>
  </datafield>
  <datafield tag="952" ind1=" " ind2=" ">
    <subfield code="0">0</subfield>
    <subfield code="1">0</subfield>
    <subfield code="4">0</subfield>
    <subfield code="7">0</subfield>
    <subfield code="a">BCEJYS</subfield>
    <subfield code="b">BCEJYS</subfield>
    <subfield code="c">17</subfield>
    <subfield code="d">2004-05-02</subfield>
    <subfield code="h">A&#xF1;o 13, N&#xBA; 137 - mayo 2004</subfield>
    <subfield code="l">0</subfield>
    <subfield code="o">H330 TEM 137</subfield>
    <subfield code="p">R14608</subfield>
    <subfield code="r">2026-04-10 16:08:55</subfield>
    <subfield code="w">2026-04-10</subfield>
    <subfield code="y">RN</subfield>
  </datafield>
  <datafield tag="952" ind1=" " ind2=" ">
    <subfield code="0">0</subfield>
    <subfield code="1">0</subfield>
    <subfield code="4">0</subfield>
    <subfield code="7">0</subfield>
    <subfield code="a">BCEJYS</subfield>
    <subfield code="b">BCEJYS</subfield>
    <subfield code="c">17</subfield>
    <subfield code="d">2004-04-04</subfield>
    <subfield code="h">A&#xF1;o 13, N&#xBA; 136 - abr. 2004</subfield>
    <subfield code="l">0</subfield>
    <subfield code="o">H330 TEM 136</subfield>
    <subfield code="p">R14607</subfield>
    <subfield code="r">2026-04-10 16:08:55</subfield>
    <subfield code="w">2026-04-10</subfield>
    <subfield code="y">RN</subfield>
  </datafield>
  <datafield tag="952" ind1=" " ind2=" ">
    <subfield code="0">0</subfield>
    <subfield code="1">0</subfield>
    <subfield code="4">0</subfield>
    <subfield code="7">0</subfield>
    <subfield code="a">BCEJYS</subfield>
    <subfield code="b">BCEJYS</subfield>
    <subfield code="c">17</subfield>
    <subfield code="d">2004-03-07</subfield>
    <subfield code="h">A&#xF1;o 13, N&#xBA; 135 - mar. 2004</subfield>
    <subfield code="l">0</subfield>
    <subfield code="o">H330 TEM 135</subfield>
    <subfield code="p">R14606</subfield>
    <subfield code="r">2026-04-10 16:08:55</subfield>
    <subfield code="w">2026-04-10</subfield>
    <subfield code="y">RN</subfield>
  </datafield>
  <datafield tag="952" ind1=" " ind2=" ">
    <subfield code="0">0</subfield>
    <subfield code="1">0</subfield>
    <subfield code="4">0</subfield>
    <subfield code="7">0</subfield>
    <subfield code="a">BCEJYS</subfield>
    <subfield code="b">BCEJYS</subfield>
    <subfield code="c">17</subfield>
    <subfield code="d">2003-12-07</subfield>
    <subfield code="h">A&#xF1;o 12, N&#xBA; 134 - dic. 2003</subfield>
    <subfield code="l">0</subfield>
    <subfield code="o">H330 TEM 134</subfield>
    <subfield code="p">R14605</subfield>
    <subfield code="r">2026-04-10 16:08:55</subfield>
    <subfield code="w">2026-04-10</subfield>
    <subfield code="y">RN</subfield>
  </datafield>
  <datafield tag="952" ind1=" " ind2=" ">
    <subfield code="0">0</subfield>
    <subfield code="1">0</subfield>
    <subfield code="4">0</subfield>
    <subfield code="7">0</subfield>
    <subfield code="a">BCEJYS</subfield>
    <subfield code="b">BCEJYS</subfield>
    <subfield code="c">17</subfield>
    <subfield code="d">2003-11-02</subfield>
    <subfield code="h">A&#xF1;o 12, N&#xBA; 133 - nov. 2003</subfield>
    <subfield code="l">0</subfield>
    <subfield code="o">H330 TEM 133</subfield>
    <subfield code="p">R14604</subfield>
    <subfield code="r">2026-04-10 16:08:55</subfield>
    <subfield code="w">2026-04-10</subfield>
    <subfield code="y">RN</subfield>
  </datafield>
  <datafield tag="952" ind1=" " ind2=" ">
    <subfield code="0">0</subfield>
    <subfield code="1">0</subfield>
    <subfield code="4">0</subfield>
    <subfield code="7">0</subfield>
    <subfield code="a">BCEJYS</subfield>
    <subfield code="b">BCEJYS</subfield>
    <subfield code="c">17</subfield>
    <subfield code="d">2003-09-14</subfield>
    <subfield code="h">A&#xF1;o 12, N&#xBA; 131 - sep. 2003</subfield>
    <subfield code="l">0</subfield>
    <subfield code="o">H330 TEM 131</subfield>
    <subfield code="p">R14603</subfield>
    <subfield code="r">2026-04-10 16:08:55</subfield>
    <subfield code="w">2026-04-10</subfield>
    <subfield code="y">RN</subfield>
  </datafield>
  <datafield tag="952" ind1=" " ind2=" ">
    <subfield code="0">0</subfield>
    <subfield code="1">0</subfield>
    <subfield code="4">0</subfield>
    <subfield code="7">0</subfield>
    <subfield code="a">BCEJYS</subfield>
    <subfield code="b">BCEJYS</subfield>
    <subfield code="c">17</subfield>
    <subfield code="d">2002-03-17</subfield>
    <subfield code="h">A&#xF1;o 11, N&#xBA; 120 - mar. 2002</subfield>
    <subfield code="l">0</subfield>
    <subfield code="o">H330 TEM 120</subfield>
    <subfield code="p">R14602</subfield>
    <subfield code="r">2026-04-10 16:08:55</subfield>
    <subfield code="w">2026-04-10</subfield>
    <subfield code="y">RN</subfield>
  </datafield>
  <datafield tag="952" ind1=" " ind2=" ">
    <subfield code="0">0</subfield>
    <subfield code="1">0</subfield>
    <subfield code="4">0</subfield>
    <subfield code="7">0</subfield>
    <subfield code="a">BCEJYS</subfield>
    <subfield code="b">BCEJYS</subfield>
    <subfield code="c">17</subfield>
    <subfield code="d">2001-10-28</subfield>
    <subfield code="h">A&#xF1;o 10, N&#xBA; 117 - oct. 2001</subfield>
    <subfield code="l">0</subfield>
    <subfield code="o">H330 TEM 117</subfield>
    <subfield code="p">R14601</subfield>
    <subfield code="r">2026-04-10 16:08:55</subfield>
    <subfield code="w">2026-04-10</subfield>
    <subfield code="y">RN</subfield>
  </datafield>
  <datafield tag="952" ind1=" " ind2=" ">
    <subfield code="0">0</subfield>
    <subfield code="1">0</subfield>
    <subfield code="4">0</subfield>
    <subfield code="7">0</subfield>
    <subfield code="a">BCEJYS</subfield>
    <subfield code="b">BCEJYS</subfield>
    <subfield code="c">17</subfield>
    <subfield code="d">2001-08-26</subfield>
    <subfield code="h">A&#xF1;o 10, N&#xBA; 115 - ago. 2001</subfield>
    <subfield code="l">0</subfield>
    <subfield code="o">H330 TEM 115</subfield>
    <subfield code="p">R14600</subfield>
    <subfield code="r">2026-04-10 16:08:55</subfield>
    <subfield code="w">2026-04-10</subfield>
    <subfield code="y">RN</subfield>
  </datafield>
  <datafield tag="952" ind1=" " ind2=" ">
    <subfield code="0">0</subfield>
    <subfield code="1">0</subfield>
    <subfield code="4">0</subfield>
    <subfield code="7">0</subfield>
    <subfield code="a">BCEJYS</subfield>
    <subfield code="b">BCEJYS</subfield>
    <subfield code="c">17</subfield>
    <subfield code="d">2001-06-24</subfield>
    <subfield code="h">A&#xF1;o 10, N&#xBA; 113 - jun. 2001</subfield>
    <subfield code="l">0</subfield>
    <subfield code="o">H330 TEM 113</subfield>
    <subfield code="p">R14599</subfield>
    <subfield code="r">2026-04-10 16:08:55</subfield>
    <subfield code="w">2026-04-10</subfield>
    <subfield code="y">RN</subfield>
  </datafield>
  <datafield tag="952" ind1=" " ind2=" ">
    <subfield code="0">0</subfield>
    <subfield code="1">0</subfield>
    <subfield code="4">0</subfield>
    <subfield code="7">0</subfield>
    <subfield code="a">BCEJYS</subfield>
    <subfield code="b">BCEJYS</subfield>
    <subfield code="c">17</subfield>
    <subfield code="d">2001-05-27</subfield>
    <subfield code="h">A&#xF1;o 10, N&#xBA; 112 - mayo 2001</subfield>
    <subfield code="l">0</subfield>
    <subfield code="o">H330 TEM 112</subfield>
    <subfield code="p">R14598</subfield>
    <subfield code="r">2026-04-10 16:08:55</subfield>
    <subfield code="w">2026-04-10</subfield>
    <subfield code="y">RN</subfield>
  </datafield>
  <datafield tag="952" ind1=" " ind2=" ">
    <subfield code="0">0</subfield>
    <subfield code="1">0</subfield>
    <subfield code="4">0</subfield>
    <subfield code="7">0</subfield>
    <subfield code="a">BCEJYS</subfield>
    <subfield code="b">BCEJYS</subfield>
    <subfield code="c">17</subfield>
    <subfield code="d">2001-04-29</subfield>
    <subfield code="h">A&#xF1;o 10, N&#xBA; 111 - abr. 2001</subfield>
    <subfield code="l">0</subfield>
    <subfield code="o">H330 TEM 111</subfield>
    <subfield code="p">R14597</subfield>
    <subfield code="r">2026-04-10 16:08:55</subfield>
    <subfield code="w">2026-04-10</subfield>
    <subfield code="y">RN</subfield>
  </datafield>
  <datafield tag="952" ind1=" " ind2=" ">
    <subfield code="0">0</subfield>
    <subfield code="1">0</subfield>
    <subfield code="4">0</subfield>
    <subfield code="7">0</subfield>
    <subfield code="a">BCEJYS</subfield>
    <subfield code="b">BCEJYS</subfield>
    <subfield code="c">17</subfield>
    <subfield code="d">2001-04-01</subfield>
    <subfield code="h">A&#xF1;o 10, N&#xBA; 110 - abr. 2001</subfield>
    <subfield code="l">0</subfield>
    <subfield code="o">H330 TEM 110</subfield>
    <subfield code="p">R14596</subfield>
    <subfield code="r">2026-04-10 16:08:55</subfield>
    <subfield code="w">2026-04-10</subfield>
    <subfield code="y">RN</subfield>
  </datafield>
  <datafield tag="952" ind1=" " ind2=" ">
    <subfield code="0">0</subfield>
    <subfield code="1">0</subfield>
    <subfield code="4">0</subfield>
    <subfield code="7">0</subfield>
    <subfield code="a">BCEJYS</subfield>
    <subfield code="b">BCEJYS</subfield>
    <subfield code="c">17</subfield>
    <subfield code="d">2001-02-25</subfield>
    <subfield code="h">A&#xF1;o 10, N&#xBA; 109 - feb. 2001</subfield>
    <subfield code="l">0</subfield>
    <subfield code="o">H330 TEM 109</subfield>
    <subfield code="p">R14595</subfield>
    <subfield code="r">2026-04-10 16:08:55</subfield>
    <subfield code="w">2026-04-10</subfield>
    <subfield code="y">RN</subfield>
  </datafield>
  <datafield tag="952" ind1=" " ind2=" ">
    <subfield code="0">0</subfield>
    <subfield code="1">0</subfield>
    <subfield code="4">0</subfield>
    <subfield code="7">0</subfield>
    <subfield code="a">BCEJYS</subfield>
    <subfield code="b">BCEJYS</subfield>
    <subfield code="c">17</subfield>
    <subfield code="d">2001-01-28</subfield>
    <subfield code="h">A&#xF1;o 10, N&#xBA; 108 - ene. 2000</subfield>
    <subfield code="l">0</subfield>
    <subfield code="o">H330 TEM 108</subfield>
    <subfield code="p">R14594</subfield>
    <subfield code="r">2026-04-10 16:08:55</subfield>
    <subfield code="w">2026-04-10</subfield>
    <subfield code="y">RN</subfield>
  </datafield>
  <datafield tag="952" ind1=" " ind2=" ">
    <subfield code="0">0</subfield>
    <subfield code="1">0</subfield>
    <subfield code="4">0</subfield>
    <subfield code="7">0</subfield>
    <subfield code="a">BCEJYS</subfield>
    <subfield code="b">BCEJYS</subfield>
    <subfield code="c">17</subfield>
    <subfield code="d">2000-12-31</subfield>
    <subfield code="h">A&#xF1;o 10, N&#xBA; 107 - dic. 2000</subfield>
    <subfield code="l">0</subfield>
    <subfield code="o">H330 TEM 107</subfield>
    <subfield code="p">R14593</subfield>
    <subfield code="r">2026-04-10 16:08:55</subfield>
    <subfield code="w">2026-04-10</subfield>
    <subfield code="y">RN</subfield>
  </datafield>
  <datafield tag="952" ind1=" " ind2=" ">
    <subfield code="0">0</subfield>
    <subfield code="1">0</subfield>
    <subfield code="4">0</subfield>
    <subfield code="7">0</subfield>
    <subfield code="a">BCEJYS</subfield>
    <subfield code="b">BCEJYS</subfield>
    <subfield code="c">17</subfield>
    <subfield code="d">2000-10-29</subfield>
    <subfield code="h">A&#xF1;o 9, N&#xBA; 105 - oct. 2000</subfield>
    <subfield code="l">0</subfield>
    <subfield code="o">H330 TEM 105</subfield>
    <subfield code="p">R14592</subfield>
    <subfield code="r">2026-04-10 16:08:55</subfield>
    <subfield code="w">2026-04-10</subfield>
    <subfield code="y">RN</subfield>
  </datafield>
  <datafield tag="952" ind1=" " ind2=" ">
    <subfield code="0">0</subfield>
    <subfield code="1">0</subfield>
    <subfield code="4">0</subfield>
    <subfield code="7">0</subfield>
    <subfield code="a">BCEJYS</subfield>
    <subfield code="b">BCEJYS</subfield>
    <subfield code="c">17</subfield>
    <subfield code="d">2000-09-24</subfield>
    <subfield code="h">A&#xF1;o 9, N&#xBA; 104 - sep. 2000</subfield>
    <subfield code="l">0</subfield>
    <subfield code="o">H330 TEM 104</subfield>
    <subfield code="p">R14591</subfield>
    <subfield code="r">2026-04-10 16:08:55</subfield>
    <subfield code="w">2026-04-10</subfield>
    <subfield code="y">RN</subfield>
  </datafield>
  <datafield tag="952" ind1=" " ind2=" ">
    <subfield code="0">0</subfield>
    <subfield code="1">0</subfield>
    <subfield code="4">0</subfield>
    <subfield code="7">0</subfield>
    <subfield code="a">BCEJYS</subfield>
    <subfield code="b">BCEJYS</subfield>
    <subfield code="c">17</subfield>
    <subfield code="d">2000-07-30</subfield>
    <subfield code="h">A&#xF1;o 9, N&#xBA; 102 - jul. 2000</subfield>
    <subfield code="l">0</subfield>
    <subfield code="o">H330 TEM 102</subfield>
    <subfield code="p">R14590</subfield>
    <subfield code="r">2026-04-10 16:08:55</subfield>
    <subfield code="w">2026-04-10</subfield>
    <subfield code="y">RN</subfield>
  </datafield>
  <datafield tag="952" ind1=" " ind2=" ">
    <subfield code="0">0</subfield>
    <subfield code="1">0</subfield>
    <subfield code="4">0</subfield>
    <subfield code="7">0</subfield>
    <subfield code="a">BCEJYS</subfield>
    <subfield code="b">BCEJYS</subfield>
    <subfield code="c">17</subfield>
    <subfield code="d">1999-02-28</subfield>
    <subfield code="h">A&#xF1;o 9, N&#xBA; 84 - feb. 1999</subfield>
    <subfield code="l">0</subfield>
    <subfield code="o">H330 TEM 84</subfield>
    <subfield code="p">R14589</subfield>
    <subfield code="r">2026-04-10 16:08:55</subfield>
    <subfield code="w">2026-04-10</subfield>
    <subfield code="y">RN</subfield>
  </datafield>
  <datafield tag="952" ind1=" " ind2=" ">
    <subfield code="0">0</subfield>
    <subfield code="1">0</subfield>
    <subfield code="4">0</subfield>
    <subfield code="7">0</subfield>
    <subfield code="a">BCEJYS</subfield>
    <subfield code="b">BCEJYS</subfield>
    <subfield code="c">17</subfield>
    <subfield code="d">1998-12-27</subfield>
    <subfield code="h">A&#xF1;o 7, N&#xBA; 83 - dic. 1998</subfield>
    <subfield code="l">0</subfield>
    <subfield code="o">H330 TEM 83</subfield>
    <subfield code="p">R14588</subfield>
    <subfield code="r">2026-04-10 16:08:55</subfield>
    <subfield code="w">2026-04-10</subfield>
    <subfield code="y">RN</subfield>
  </datafield>
  <datafield tag="952" ind1=" " ind2=" ">
    <subfield code="0">0</subfield>
    <subfield code="1">0</subfield>
    <subfield code="4">0</subfield>
    <subfield code="7">0</subfield>
    <subfield code="a">BCEJYS</subfield>
    <subfield code="b">BCEJYS</subfield>
    <subfield code="c">17</subfield>
    <subfield code="d">1998-11-29</subfield>
    <subfield code="h">A&#xF1;o 7, N&#xBA; 82 - nov. 1998</subfield>
    <subfield code="l">0</subfield>
    <subfield code="o">H330 TEM 82</subfield>
    <subfield code="p">R14587</subfield>
    <subfield code="r">2026-04-10 16:08:55</subfield>
    <subfield code="w">2026-04-10</subfield>
    <subfield code="y">RN</subfield>
  </datafield>
  <datafield tag="952" ind1=" " ind2=" ">
    <subfield code="0">0</subfield>
    <subfield code="1">0</subfield>
    <subfield code="4">0</subfield>
    <subfield code="7">0</subfield>
    <subfield code="a">BCEJYS</subfield>
    <subfield code="b">BCEJYS</subfield>
    <subfield code="c">17</subfield>
    <subfield code="d">1998-10-25</subfield>
    <subfield code="h">A&#xF1;o 7, N&#xBA; 81 - oct. 1998</subfield>
    <subfield code="l">0</subfield>
    <subfield code="o">H330 TEM 81</subfield>
    <subfield code="p">R14887</subfield>
    <subfield code="r">2026-04-10 16:08:55</subfield>
    <subfield code="w">2026-04-10</subfield>
    <subfield code="y">RN</subfield>
  </datafield>
  <datafield tag="952" ind1=" " ind2=" ">
    <subfield code="0">0</subfield>
    <subfield code="1">0</subfield>
    <subfield code="4">0</subfield>
    <subfield code="7">0</subfield>
    <subfield code="a">BCEJYS</subfield>
    <subfield code="b">BCEJYS</subfield>
    <subfield code="c">17</subfield>
    <subfield code="d">1998-09-27</subfield>
    <subfield code="h">A&#xF1;o 7, N&#xBA; 80 - sep. 1998</subfield>
    <subfield code="l">0</subfield>
    <subfield code="o">H330 TEM 80</subfield>
    <subfield code="p">R14585</subfield>
    <subfield code="r">2026-04-10 16:08:55</subfield>
    <subfield code="w">2026-04-10</subfield>
    <subfield code="y">RN</subfield>
  </datafield>
  <datafield tag="952" ind1=" " ind2=" ">
    <subfield code="0">0</subfield>
    <subfield code="1">0</subfield>
    <subfield code="4">0</subfield>
    <subfield code="7">0</subfield>
    <subfield code="a">BCEJYS</subfield>
    <subfield code="b">BCEJYS</subfield>
    <subfield code="c">17</subfield>
    <subfield code="d">1998-02-22</subfield>
    <subfield code="h">A&#xF1;o 7, N&#xBA; 73 - feb. 1998</subfield>
    <subfield code="l">0</subfield>
    <subfield code="o">H330 TEM 73</subfield>
    <subfield code="p">R14886</subfield>
    <subfield code="r">2026-04-10 16:08:55</subfield>
    <subfield code="w">2026-04-10</subfield>
    <subfield code="y">RN</subfield>
  </datafield>
  <datafield tag="952" ind1=" " ind2=" ">
    <subfield code="0">0</subfield>
    <subfield code="1">0</subfield>
    <subfield code="4">0</subfield>
    <subfield code="7">0</subfield>
    <subfield code="a">BCEJYS</subfield>
    <subfield code="b">BCEJYS</subfield>
    <subfield code="c">17</subfield>
    <subfield code="d">1998-01-25</subfield>
    <subfield code="h">A&#xF1;o 7, N&#xBA; 72 - ene. 1998</subfield>
    <subfield code="l">0</subfield>
    <subfield code="o">H330 TEM 72</subfield>
    <subfield code="p">R01014</subfield>
    <subfield code="r">2026-04-10 16:08:55</subfield>
    <subfield code="w">2026-04-10</subfield>
    <subfield code="y">RN</subfield>
  </datafield>
  <datafield tag="952" ind1=" " ind2=" ">
    <subfield code="0">0</subfield>
    <subfield code="1">0</subfield>
    <subfield code="4">0</subfield>
    <subfield code="7">0</subfield>
    <subfield code="a">BCEJYS</subfield>
    <subfield code="b">BCEJYS</subfield>
    <subfield code="c">17</subfield>
    <subfield code="d">1997-10-26</subfield>
    <subfield code="h">A&#xF1;o 6, N&#xBA; 69 - oct. 1997</subfield>
    <subfield code="l">0</subfield>
    <subfield code="o">H330 TEM 69</subfield>
    <subfield code="p">R01013</subfield>
    <subfield code="r">2026-04-10 16:08:55</subfield>
    <subfield code="w">2026-04-10</subfield>
    <subfield code="y">RN</subfield>
  </datafield>
  <datafield tag="952" ind1=" " ind2=" ">
    <subfield code="0">0</subfield>
    <subfield code="1">0</subfield>
    <subfield code="4">0</subfield>
    <subfield code="7">0</subfield>
    <subfield code="a">BCEJYS</subfield>
    <subfield code="b">BCEJYS</subfield>
    <subfield code="c">17</subfield>
    <subfield code="d">1997-09-28</subfield>
    <subfield code="h">A&#xF1;o 6, N&#xBA; 68 - sep. 1997</subfield>
    <subfield code="l">0</subfield>
    <subfield code="o">H330 TEM 68</subfield>
    <subfield code="p">R00998</subfield>
    <subfield code="r">2026-04-10 16:08:55</subfield>
    <subfield code="w">2026-04-10</subfield>
    <subfield code="y">RN</subfield>
  </datafield>
  <datafield tag="952" ind1=" " ind2=" ">
    <subfield code="0">0</subfield>
    <subfield code="1">0</subfield>
    <subfield code="4">0</subfield>
    <subfield code="7">0</subfield>
    <subfield code="a">BCEJYS</subfield>
    <subfield code="b">BCEJYS</subfield>
    <subfield code="c">17</subfield>
    <subfield code="d">1997-08-31</subfield>
    <subfield code="h">A&#xF1;o 6, N&#xBA; 67 - ago. 1997</subfield>
    <subfield code="l">0</subfield>
    <subfield code="o">H330 TEM 67</subfield>
    <subfield code="p">R01211</subfield>
    <subfield code="r">2026-04-10 16:08:55</subfield>
    <subfield code="w">2026-04-10</subfield>
    <subfield code="y">RN</subfield>
  </datafield>
  <datafield tag="952" ind1=" " ind2=" ">
    <subfield code="0">0</subfield>
    <subfield code="1">0</subfield>
    <subfield code="4">0</subfield>
    <subfield code="7">0</subfield>
    <subfield code="a">BCEJYS</subfield>
    <subfield code="b">BCEJYS</subfield>
    <subfield code="c">17</subfield>
    <subfield code="d">1997-07-27</subfield>
    <subfield code="h">A&#xF1;o 6, N&#xBA; 66 - jul. 1997</subfield>
    <subfield code="l">0</subfield>
    <subfield code="o">H330 TEM 66</subfield>
    <subfield code="p">R01214</subfield>
    <subfield code="r">2026-04-10 16:08:55</subfield>
    <subfield code="w">2026-04-10</subfield>
    <subfield code="y">RN</subfield>
  </datafield>
  <datafield tag="952" ind1=" " ind2=" ">
    <subfield code="0">0</subfield>
    <subfield code="1">0</subfield>
    <subfield code="4">0</subfield>
    <subfield code="7">0</subfield>
    <subfield code="a">BCEJYS</subfield>
    <subfield code="b">BCEJYS</subfield>
    <subfield code="c">17</subfield>
    <subfield code="d">1997-06-29</subfield>
    <subfield code="h">A&#xF1;o 6, N&#xBA; 65 - jun. 1997</subfield>
    <subfield code="l">0</subfield>
    <subfield code="o">H330 TEM 65</subfield>
    <subfield code="p">R00986</subfield>
    <subfield code="r">2026-04-10 16:08:55</subfield>
    <subfield code="w">2026-04-10</subfield>
    <subfield code="y">RN</subfield>
  </datafield>
  <datafield tag="952" ind1=" " ind2=" ">
    <subfield code="0">0</subfield>
    <subfield code="1">0</subfield>
    <subfield code="4">0</subfield>
    <subfield code="7">0</subfield>
    <subfield code="a">BCEJYS</subfield>
    <subfield code="b">BCEJYS</subfield>
    <subfield code="c">13</subfield>
    <subfield code="d">1997-05-25</subfield>
    <subfield code="h">A&#xF1;o 6, N&#xBA; 64 - mayo 1997</subfield>
    <subfield code="l">0</subfield>
    <subfield code="o">H330 TEM 64</subfield>
    <subfield code="p">R21055</subfield>
    <subfield code="r">2026-04-10 16:08:55</subfield>
    <subfield code="w">2026-04-10</subfield>
    <subfield code="y">RN</subfield>
  </datafield>
  <datafield tag="952" ind1=" " ind2=" ">
    <subfield code="0">0</subfield>
    <subfield code="1">0</subfield>
    <subfield code="4">0</subfield>
    <subfield code="7">0</subfield>
    <subfield code="a">BCEJYS</subfield>
    <subfield code="b">BCEJYS</subfield>
    <subfield code="c">17</subfield>
    <subfield code="d">1997-04-27</subfield>
    <subfield code="h">A&#xF1;o 6, N&#xBA; 63 - abr. 1997</subfield>
    <subfield code="l">0</subfield>
    <subfield code="o">H330 TEM 63</subfield>
    <subfield code="p">R00984</subfield>
    <subfield code="r">2026-04-10 16:08:55</subfield>
    <subfield code="w">2026-04-10</subfield>
    <subfield code="y">RN</subfield>
  </datafield>
  <datafield tag="952" ind1=" " ind2=" ">
    <subfield code="0">0</subfield>
    <subfield code="1">0</subfield>
    <subfield code="4">0</subfield>
    <subfield code="7">0</subfield>
    <subfield code="a">BCEJYS</subfield>
    <subfield code="b">BCEJYS</subfield>
    <subfield code="c">13</subfield>
    <subfield code="d">1997-03-30</subfield>
    <subfield code="h">A&#xF1;o 6, N&#xBA; 62 - mar. 1997</subfield>
    <subfield code="l">0</subfield>
    <subfield code="o">H330 TEM 62</subfield>
    <subfield code="p">R21054</subfield>
    <subfield code="r">2026-04-10 16:08:55</subfield>
    <subfield code="w">2026-04-10</subfield>
    <subfield code="y">RN</subfield>
  </datafield>
  <datafield tag="952" ind1=" " ind2=" ">
    <subfield code="0">0</subfield>
    <subfield code="1">0</subfield>
    <subfield code="4">0</subfield>
    <subfield code="7">0</subfield>
    <subfield code="a">BCEJYS</subfield>
    <subfield code="b">BCEJYS</subfield>
    <subfield code="c">17</subfield>
    <subfield code="d">1997-02-23</subfield>
    <subfield code="h">A&#xF1;o 6, N&#xBA; 61 - feb. 1997</subfield>
    <subfield code="l">0</subfield>
    <subfield code="o">H330 TEM 61</subfield>
    <subfield code="p">R00980</subfield>
    <subfield code="r">2026-04-10 16:08:55</subfield>
    <subfield code="w">2026-04-10</subfield>
    <subfield code="y">RN</subfield>
  </datafield>
  <datafield tag="952" ind1=" " ind2=" ">
    <subfield code="0">0</subfield>
    <subfield code="1">0</subfield>
    <subfield code="4">0</subfield>
    <subfield code="7">0</subfield>
    <subfield code="a">BCEJYS</subfield>
    <subfield code="b">BCEJYS</subfield>
    <subfield code="c">13</subfield>
    <subfield code="d">1997-01-26</subfield>
    <subfield code="h">A&#xF1;o 6, N&#xBA; 60</subfield>
    <subfield code="l">0</subfield>
    <subfield code="o">H330 TEM 60</subfield>
    <subfield code="p">R21053</subfield>
    <subfield code="r">2026-04-10 16:08:55</subfield>
    <subfield code="w">2026-04-10</subfield>
    <subfield code="y">RN</subfield>
  </datafield>
  <datafield tag="952" ind1=" " ind2=" ">
    <subfield code="0">0</subfield>
    <subfield code="1">0</subfield>
    <subfield code="4">0</subfield>
    <subfield code="7">0</subfield>
    <subfield code="a">BCEJYS</subfield>
    <subfield code="b">BCEJYS</subfield>
    <subfield code="c">17</subfield>
    <subfield code="d">1996-12-29</subfield>
    <subfield code="h">A&#xF1;o 5, N&#xBA; 59 - dic. 1996</subfield>
    <subfield code="l">0</subfield>
    <subfield code="o">H330 TEM 59</subfield>
    <subfield code="p">R00976</subfield>
    <subfield code="r">2026-04-10 16:08:55</subfield>
    <subfield code="w">2026-04-10</subfield>
    <subfield code="y">RN</subfield>
  </datafield>
  <datafield tag="952" ind1=" " ind2=" ">
    <subfield code="0">0</subfield>
    <subfield code="1">0</subfield>
    <subfield code="4">0</subfield>
    <subfield code="7">0</subfield>
    <subfield code="a">BCEJYS</subfield>
    <subfield code="b">BCEJYS</subfield>
    <subfield code="c">17</subfield>
    <subfield code="d">1996-11-24</subfield>
    <subfield code="h">A&#xF1;o 5, N&#xBA; 58 - nov. 1996</subfield>
    <subfield code="l">0</subfield>
    <subfield code="o">H330 TEM 58</subfield>
    <subfield code="p">R00974</subfield>
    <subfield code="r">2026-04-10 16:08:55</subfield>
    <subfield code="w">2026-04-10</subfield>
    <subfield code="y">RN</subfield>
  </datafield>
  <datafield tag="952" ind1=" " ind2=" ">
    <subfield code="0">0</subfield>
    <subfield code="1">0</subfield>
    <subfield code="4">0</subfield>
    <subfield code="7">0</subfield>
    <subfield code="a">BCEJYS</subfield>
    <subfield code="b">BCEJYS</subfield>
    <subfield code="c">17</subfield>
    <subfield code="d">1996-10-27</subfield>
    <subfield code="h">A&#xF1;o 5, N&#xBA; 57 - oct. 1996</subfield>
    <subfield code="l">0</subfield>
    <subfield code="o">H330 TEM 57</subfield>
    <subfield code="p">R00972</subfield>
    <subfield code="r">2026-04-10 16:08:55</subfield>
    <subfield code="w">2026-04-10</subfield>
    <subfield code="y">RN</subfield>
  </datafield>
  <datafield tag="952" ind1=" " ind2=" ">
    <subfield code="0">0</subfield>
    <subfield code="1">0</subfield>
    <subfield code="4">0</subfield>
    <subfield code="7">0</subfield>
    <subfield code="a">BCEJYS</subfield>
    <subfield code="b">BCEJYS</subfield>
    <subfield code="c">17</subfield>
    <subfield code="d">1996-09-29</subfield>
    <subfield code="h">A&#xF1;o 5, N&#xBA; 56 - sep. 1996</subfield>
    <subfield code="l">0</subfield>
    <subfield code="o">H330 TEM 56</subfield>
    <subfield code="p">R00970</subfield>
    <subfield code="r">2026-04-10 16:08:56</subfield>
    <subfield code="w">2026-04-10</subfield>
    <subfield code="y">RN</subfield>
  </datafield>
  <datafield tag="952" ind1=" " ind2=" ">
    <subfield code="0">0</subfield>
    <subfield code="1">0</subfield>
    <subfield code="4">0</subfield>
    <subfield code="7">0</subfield>
    <subfield code="a">BCEJYS</subfield>
    <subfield code="b">BCEJYS</subfield>
    <subfield code="c">17</subfield>
    <subfield code="d">1996-08-25</subfield>
    <subfield code="h">A&#xF1;o 5, N&#xBA; 55 - ago. 1996</subfield>
    <subfield code="l">0</subfield>
    <subfield code="o">H330 TEM 55</subfield>
    <subfield code="p">R01218</subfield>
    <subfield code="r">2026-04-10 16:08:56</subfield>
    <subfield code="w">2026-04-10</subfield>
    <subfield code="y">RN</subfield>
  </datafield>
  <datafield tag="952" ind1=" " ind2=" ">
    <subfield code="0">0</subfield>
    <subfield code="1">0</subfield>
    <subfield code="4">0</subfield>
    <subfield code="7">0</subfield>
    <subfield code="a">BCEJYS</subfield>
    <subfield code="b">BCEJYS</subfield>
    <subfield code="c">17</subfield>
    <subfield code="d">1996-07-28</subfield>
    <subfield code="h">A&#xF1;o 5, N&#xBA; 54 - jul. 1996</subfield>
    <subfield code="l">0</subfield>
    <subfield code="o">H330 TEM 54</subfield>
    <subfield code="p">R01216</subfield>
    <subfield code="r">2026-04-10 16:08:56</subfield>
    <subfield code="w">2026-04-10</subfield>
    <subfield code="y">RN</subfield>
  </datafield>
  <datafield tag="952" ind1=" " ind2=" ">
    <subfield code="0">0</subfield>
    <subfield code="1">0</subfield>
    <subfield code="4">0</subfield>
    <subfield code="7">0</subfield>
    <subfield code="a">BCEJYS</subfield>
    <subfield code="b">BCEJYS</subfield>
    <subfield code="c">17</subfield>
    <subfield code="d">1996-05-26</subfield>
    <subfield code="h">A&#xF1;o 5, N&#xBA; 52 - mayo 1996</subfield>
    <subfield code="l">0</subfield>
    <subfield code="o">H330 TEM 52</subfield>
    <subfield code="p">R00994</subfield>
    <subfield code="r">2026-04-10 16:08:56</subfield>
    <subfield code="w">2026-04-10</subfield>
    <subfield code="y">RN</subfield>
  </datafield>
  <datafield tag="952" ind1=" " ind2=" ">
    <subfield code="0">0</subfield>
    <subfield code="1">0</subfield>
    <subfield code="4">0</subfield>
    <subfield code="7">0</subfield>
    <subfield code="a">BCEJYS</subfield>
    <subfield code="b">BCEJYS</subfield>
    <subfield code="c">17</subfield>
    <subfield code="d">1996-04-28</subfield>
    <subfield code="h">A&#xF1;o 5, N&#xBA; 51 - abr. 1996</subfield>
    <subfield code="l">0</subfield>
    <subfield code="o">H330 TEM 51</subfield>
    <subfield code="p">R01203</subfield>
    <subfield code="r">2026-04-10 16:08:56</subfield>
    <subfield code="w">2026-04-10</subfield>
    <subfield code="y">RN</subfield>
  </datafield>
  <datafield tag="952" ind1=" " ind2=" ">
    <subfield code="0">0</subfield>
    <subfield code="1">0</subfield>
    <subfield code="4">0</subfield>
    <subfield code="7">0</subfield>
    <subfield code="a">BCEJYS</subfield>
    <subfield code="b">BCEJYS</subfield>
    <subfield code="c">17</subfield>
    <subfield code="d">1996-03-31</subfield>
    <subfield code="h">A&#xF1;o 5, N&#xBA; 50 - mar. 1996</subfield>
    <subfield code="l">0</subfield>
    <subfield code="o">H330 TEM 50</subfield>
    <subfield code="p">R00992</subfield>
    <subfield code="r">2026-04-10 16:08:56</subfield>
    <subfield code="w">2026-04-10</subfield>
    <subfield code="y">RN</subfield>
  </datafield>
  <datafield tag="952" ind1=" " ind2=" ">
    <subfield code="0">0</subfield>
    <subfield code="1">0</subfield>
    <subfield code="4">0</subfield>
    <subfield code="7">0</subfield>
    <subfield code="a">BCEJYS</subfield>
    <subfield code="b">BCEJYS</subfield>
    <subfield code="c">17</subfield>
    <subfield code="d">1996-02-25</subfield>
    <subfield code="h">A&#xF1;o 4, N&#xBA; 49 - feb. 1996</subfield>
    <subfield code="l">0</subfield>
    <subfield code="o">H330 TEM 49</subfield>
    <subfield code="p">R00990</subfield>
    <subfield code="r">2026-04-10 16:08:56</subfield>
    <subfield code="w">2026-04-10</subfield>
    <subfield code="y">RN</subfield>
  </datafield>
  <datafield tag="952" ind1=" " ind2=" ">
    <subfield code="0">0</subfield>
    <subfield code="1">0</subfield>
    <subfield code="4">0</subfield>
    <subfield code="7">0</subfield>
    <subfield code="a">BCEJYS</subfield>
    <subfield code="b">BCEJYS</subfield>
    <subfield code="c">17</subfield>
    <subfield code="d">1996-01-28</subfield>
    <subfield code="h">A&#xF1;o 4, N&#xBA; 48 - ene. 1996</subfield>
    <subfield code="l">0</subfield>
    <subfield code="o">H330 TEM 48</subfield>
    <subfield code="p">R00988</subfield>
    <subfield code="r">2026-04-10 16:08:56</subfield>
    <subfield code="w">2026-04-10</subfield>
    <subfield code="y">RN</subfield>
  </datafield>
  <datafield tag="952" ind1=" " ind2=" ">
    <subfield code="0">0</subfield>
    <subfield code="1">0</subfield>
    <subfield code="4">0</subfield>
    <subfield code="7">0</subfield>
    <subfield code="a">BCEJYS</subfield>
    <subfield code="b">BCEJYS</subfield>
    <subfield code="c">17</subfield>
    <subfield code="d">1995-12-31</subfield>
    <subfield code="h">A&#xF1;o 4, N&#xBA; 47 - dic. 1995</subfield>
    <subfield code="l">0</subfield>
    <subfield code="o">H330 TEM 47</subfield>
    <subfield code="p">R00819</subfield>
    <subfield code="r">2026-04-10 16:08:56</subfield>
    <subfield code="w">2026-04-10</subfield>
    <subfield code="y">RN</subfield>
  </datafield>
  <datafield tag="952" ind1=" " ind2=" ">
    <subfield code="0">0</subfield>
    <subfield code="1">0</subfield>
    <subfield code="4">0</subfield>
    <subfield code="7">0</subfield>
    <subfield code="a">BCEJYS</subfield>
    <subfield code="b">BCEJYS</subfield>
    <subfield code="c">13</subfield>
    <subfield code="d">1995-09-24</subfield>
    <subfield code="h">A&#xF1;o 4, N&#xBA; 44 - sep. 1995</subfield>
    <subfield code="l">0</subfield>
    <subfield code="o">H330 TEM 44</subfield>
    <subfield code="p">R21052</subfield>
    <subfield code="r">2026-04-10 16:08:56</subfield>
    <subfield code="w">2026-04-10</subfield>
    <subfield code="y">RN</subfield>
  </datafield>
  <datafield tag="952" ind1=" " ind2=" ">
    <subfield code="0">0</subfield>
    <subfield code="1">0</subfield>
    <subfield code="4">0</subfield>
    <subfield code="7">0</subfield>
    <subfield code="a">BCEJYS</subfield>
    <subfield code="b">BCEJYS</subfield>
    <subfield code="c">13</subfield>
    <subfield code="d">1995-08-27</subfield>
    <subfield code="h">A&#xF1;o 4, N&#xBA; 43 - ago. 1995</subfield>
    <subfield code="l">0</subfield>
    <subfield code="o">H330 TEM 43</subfield>
    <subfield code="p">R21051</subfield>
    <subfield code="r">2026-04-10 16:08:56</subfield>
    <subfield code="w">2026-04-10</subfield>
    <subfield code="y">RN</subfield>
  </datafield>
  <datafield tag="952" ind1=" " ind2=" ">
    <subfield code="0">0</subfield>
    <subfield code="1">0</subfield>
    <subfield code="4">0</subfield>
    <subfield code="7">0</subfield>
    <subfield code="a">BCEJYS</subfield>
    <subfield code="b">BCEJYS</subfield>
    <subfield code="c">13</subfield>
    <subfield code="d">1995-07-30</subfield>
    <subfield code="h">A&#xF1;o 3, N&#xBA; 42 - jul. 1995</subfield>
    <subfield code="l">0</subfield>
    <subfield code="o">H330 TEM 42</subfield>
    <subfield code="p">R21050</subfield>
    <subfield code="r">2026-04-10 16:08:56</subfield>
    <subfield code="w">2026-04-10</subfield>
    <subfield code="y">RN</subfield>
  </datafield>
  <datafield tag="952" ind1=" " ind2=" ">
    <subfield code="0">0</subfield>
    <subfield code="1">0</subfield>
    <subfield code="4">0</subfield>
    <subfield code="7">0</subfield>
    <subfield code="a">BCEJYS</subfield>
    <subfield code="b">BCEJYS</subfield>
    <subfield code="c">13</subfield>
    <subfield code="d">1995-06-25</subfield>
    <subfield code="h">A&#xF1;o 3, N&#xBA; 41 - jun. 1995</subfield>
    <subfield code="l">0</subfield>
    <subfield code="o">H330 TEM 41</subfield>
    <subfield code="p">R21049</subfield>
    <subfield code="r">2026-04-10 16:08:56</subfield>
    <subfield code="w">2026-04-10</subfield>
    <subfield code="y">RN</subfield>
  </datafield>
  <datafield tag="952" ind1=" " ind2=" ">
    <subfield code="0">0</subfield>
    <subfield code="1">0</subfield>
    <subfield code="4">0</subfield>
    <subfield code="7">0</subfield>
    <subfield code="a">BCEJYS</subfield>
    <subfield code="b">BCEJYS</subfield>
    <subfield code="c">13</subfield>
    <subfield code="d">1995-05-28</subfield>
    <subfield code="h">A&#xF1;o 3, N&#xBA; 40 - mayo 1995</subfield>
    <subfield code="l">0</subfield>
    <subfield code="o">H330 TEM 40</subfield>
    <subfield code="p">R21048</subfield>
    <subfield code="r">2026-04-10 16:08:56</subfield>
    <subfield code="w">2026-04-10</subfield>
    <subfield code="y">RN</subfield>
  </datafield>
  <datafield tag="952" ind1=" " ind2=" ">
    <subfield code="0">0</subfield>
    <subfield code="1">0</subfield>
    <subfield code="4">0</subfield>
    <subfield code="7">0</subfield>
    <subfield code="a">BCEJYS</subfield>
    <subfield code="b">BCEJYS</subfield>
    <subfield code="c">17</subfield>
    <subfield code="d">1995-04-30</subfield>
    <subfield code="h">A&#xF1;o 3, N&#xBA; 39 - abr. 1995</subfield>
    <subfield code="l">0</subfield>
    <subfield code="o">H330 TEM 39</subfield>
    <subfield code="p">R01200</subfield>
    <subfield code="r">2026-04-10 16:08:56</subfield>
    <subfield code="w">2026-04-10</subfield>
    <subfield code="y">RN</subfield>
  </datafield>
  <datafield tag="952" ind1=" " ind2=" ">
    <subfield code="0">0</subfield>
    <subfield code="1">0</subfield>
    <subfield code="4">0</subfield>
    <subfield code="7">0</subfield>
    <subfield code="a">BCEJYS</subfield>
    <subfield code="b">BCEJYS</subfield>
    <subfield code="c">13</subfield>
    <subfield code="d">1995-03-26</subfield>
    <subfield code="h">A&#xF1;o 3, N&#xBA; 38 - mar. 1995</subfield>
    <subfield code="l">0</subfield>
    <subfield code="o">H330 TEM 38</subfield>
    <subfield code="p">R21047</subfield>
    <subfield code="r">2026-04-10 16:08:56</subfield>
    <subfield code="w">2026-04-10</subfield>
    <subfield code="y">RN</subfield>
  </datafield>
  <datafield tag="952" ind1=" " ind2=" ">
    <subfield code="0">0</subfield>
    <subfield code="1">0</subfield>
    <subfield code="4">0</subfield>
    <subfield code="7">0</subfield>
    <subfield code="a">BCEJYS</subfield>
    <subfield code="b">BCEJYS</subfield>
    <subfield code="c">13</subfield>
    <subfield code="d">1995-02-26</subfield>
    <subfield code="h">A&#xF1;o 3, N&#xBA; 37 - feb. 1995</subfield>
    <subfield code="l">0</subfield>
    <subfield code="o">H330 TEM 37</subfield>
    <subfield code="p">R21046</subfield>
    <subfield code="r">2026-04-10 16:08:56</subfield>
    <subfield code="w">2026-04-10</subfield>
    <subfield code="y">RN</subfield>
  </datafield>
  <datafield tag="952" ind1=" " ind2=" ">
    <subfield code="0">0</subfield>
    <subfield code="1">0</subfield>
    <subfield code="4">0</subfield>
    <subfield code="7">0</subfield>
    <subfield code="a">BCEJYS</subfield>
    <subfield code="b">BCEJYS</subfield>
    <subfield code="c">13</subfield>
    <subfield code="d">1995-01-29</subfield>
    <subfield code="h">A&#xF1;o 3, N&#xBA; 36 - ene. 1995</subfield>
    <subfield code="l">0</subfield>
    <subfield code="o">H330 TEM 36</subfield>
    <subfield code="p">R21045</subfield>
    <subfield code="r">2026-04-10 16:08:56</subfield>
    <subfield code="w">2026-04-10</subfield>
    <subfield code="y">RN</subfield>
  </datafield>
  <datafield tag="952" ind1=" " ind2=" ">
    <subfield code="0">0</subfield>
    <subfield code="1">0</subfield>
    <subfield code="4">0</subfield>
    <subfield code="7">0</subfield>
    <subfield code="a">BCEJYS</subfield>
    <subfield code="b">BCEJYS</subfield>
    <subfield code="c">13</subfield>
    <subfield code="d">1994-10-30</subfield>
    <subfield code="h">A&#xF1;o 3, N&#xBA; 33 - oct. 1994</subfield>
    <subfield code="l">0</subfield>
    <subfield code="o">H330 TEM 33</subfield>
    <subfield code="p">R21044</subfield>
    <subfield code="r">2026-04-10 16:08:56</subfield>
    <subfield code="w">2026-04-10</subfield>
    <subfield code="y">RN</subfield>
  </datafield>
  <datafield tag="952" ind1=" " ind2=" ">
    <subfield code="0">0</subfield>
    <subfield code="1">0</subfield>
    <subfield code="4">0</subfield>
    <subfield code="7">0</subfield>
    <subfield code="a">BCEJYS</subfield>
    <subfield code="b">BCEJYS</subfield>
    <subfield code="c">13</subfield>
    <subfield code="d">1994-05-29</subfield>
    <subfield code="h">A&#xF1;o 3, N&#xBA; 28 - mayo 1994</subfield>
    <subfield code="l">0</subfield>
    <subfield code="o">H330 TEM 28</subfield>
    <subfield code="p">R21043</subfield>
    <subfield code="r">2026-04-10 16:08:56</subfield>
    <subfield code="w">2026-04-10</subfield>
    <subfield code="y">RN</subfield>
  </datafield>
  <datafield tag="952" ind1=" " ind2=" ">
    <subfield code="0">0</subfield>
    <subfield code="1">0</subfield>
    <subfield code="4">0</subfield>
    <subfield code="7">0</subfield>
    <subfield code="a">BCEJYS</subfield>
    <subfield code="b">BCEJYS</subfield>
    <subfield code="c">13</subfield>
    <subfield code="d">1992-12-27</subfield>
    <subfield code="h">A&#xF1;o 1, N&#xBA; 11 - dic. 1992</subfield>
    <subfield code="l">0</subfield>
    <subfield code="o">H330 TEM 11</subfield>
    <subfield code="p">R21042</subfield>
    <subfield code="r">2026-04-10 16:08:56</subfield>
    <subfield code="w">2026-04-10</subfield>
    <subfield code="y">RN</subfield>
  </datafield>
</record>
